| 000 | 01294nam a22003617a 4500 | ||
|---|---|---|---|
| 003 | CHAP | ||
| 005 | 20220329133551.0 | ||
| 008 | 971013s1994 r 00010 d | ||
| 010 | _a7976 | ||
| 011 | _a8948 | ||
| 035 | _a8182 | ||
| 040 | _cCHAP | ||
| 090 | _aTesis | ||
| 100 | 0 | 0 |
_aZepeda Gallardo, J. Jesús. _9123924 |
| 245 | _aDetección de enfermedades fungosas de la col (Brassica oleracea L.) en el Valle de México | ||
| 260 |
_aChapingo, Méx. : _bEl autor, _c1994 |
||
| 300 | _a58 h | ||
| 502 | _aTesis (Ing. Agr. Esp. en Parasitología Agrícola) -- UACH. Departamento de Parasitología Agrícola | ||
| 590 |
_aALEPH _b10 _c20130110 _lUCH01 _h1221 |
||
| 590 |
_aBATCH-UPD _b10 _c20130110 _lUCH01 _h0105 |
||
| 590 |
_aBATCH-UPD _b10 _c20130110 _lUCH01 _h2215 |
||
| 590 |
_aBATCH-UPD _b10 _c20130409 _lUCH01 _h2055 |
||
| 590 |
_aBATCH-UPD _b10 _c20130410 _lUCH01 _h1516 |
||
| 590 |
_aBATCH-UPD _b10 _c20130914 _lUCH01 _h1000 |
||
| 590 |
_aCONVERSION _b10 _c20130109 _lUCH01 _h1305 |
||
| 650 | 1 | 4 |
_aCol _xEnfermedades. _924485 |
| 650 | 1 | 4 |
_aCol _xValle de México. _924500 |
| 710 | 0 |
_aUACH. Departamento de Parasitología Agrícola. _9115877 |
|
| 901 | _aBK | ||
| 942 | _cFOLL | ||
| 949 |
_bBC _cTES _d-18340 _eTS1 _h26351 _i8182 _si |
||
| 949 |
_bBC _cTES _d33724000597571 _eTS2 _fc.2 _h26352 _i8182 _si |
||
| 999 |
_c7976 _d7976 |
||